Algunas reflexiones conceptuales sobre movimientos campesinos, etnicidad y criterios metodológicos /
محفوظ في:
| المؤلف الرئيسي: | |
|---|---|
| مؤلفون آخرون: | |
| التنسيق: | نص |
| الوسوم: |
إضافة وسم
لا توجد وسوم, كن أول من يضع وسما على هذه التسجيلة!
|
MARC
| LEADER | 00000 a a2200000 04500 | ||
|---|---|---|---|
| 001 | 5045 | ||
| 003 | |||
| 040 | |||
| 100 | |a Calderón, Fernando | ||
| 245 | |a Algunas reflexiones conceptuales sobre movimientos campesinos, etnicidad y criterios metodológicos / |c Fernando Calderón | ||
| 700 | |a Flores, Gonzalo |a Dandler, Dandler | ||
| 773 | |g número 2; páginas 11-18 | ||
| 999 | |c 39695 |d 39695 | ||
